Reality šou Slovákov pobúrili

Bibliographic Details
Format: Article
Language:Slovak
Subjects:

MARC

LEADER 00000nab a2200000 ar4500
001 vtls008409029
003 SK-MaSNL
005 20260305003100.0
008 051111c2005 xo wr|p|||||||000 b|slo
015 |a SNBRB2005/11  |2 snkbucl 
038 |a SNKBUCL 
040 |a SNKBUCL  |b slo  |c SNKBUCL  |e AACR2 
041 0 |a slo 
044 |a xo  |c SK 
080 |a 7.097  |2 UDC-MRF-SK2 
245 0 0 |a Reality šou Slovákov pobúrili 
300 |b Fotogr. 
610 2 7 |a Televízia Markíza  |2 snkbucl  |9 59718 
610 2 7 |a Televízia JOJ  |2 snkbucl  |9 237393 
630 0 7 |a VyVolení (televízna reality šou)  |2 snkbucl  |9 96259 
630 0 7 |a Big Brother - Súboj (televízna reality šou)  |2 snkbucl  |9 96329 
650 0 7 |a reality show   |2 snkbucl  |9 87086 
650 0 7 |a reality show   |2 snkbucl  |9 87086 
773 0 |t Eurotelevízia  |g Roč. 15, č. 44 (2005), s. 12-13  |x 0139-7451 
852 |a SNK  |b KIS3GCP 
958 |a BX 
999 |c 3228521  |d 3230451